000 00667cam a22002293a 4500
001 17386
003 PGUSA
005 20140828083354.0
008 051225s2005||||xxu|||||s|||||000 | eng d
040 _aPGUSA
_beng
042 _adc
050 4 _aDA
100 1 _aMontgomery, D. H.
_q(David Henry),
_d1837-1928
245 1 4 _aThe Leading Facts of English History
_h[electronic resource] /
_cD. H. Montgomery
260 _bProject Gutenberg,
_c2005
506 _aPublic domain in the USA.
516 _aElectronic text
653 _aGreat Britain -- History
830 0 _aProject Gutenberg
_v17386
856 4 0 _uhttp://www.gutenberg.org/ebooks/17386
942 _cEB
999 _c246641
_d246641